বাংলাদেশের আঞ্চলিক ভাষার অভিধান ১ম খন্ড / (Record no. 8344)
[ view plain ]
| 000 -LEADER | |
|---|---|
| fixed length control field | 00961nam a22002057a 4500 |
| 001 - CONTROL NUMBER | |
| control field | BD-DhSAU 8344 |
| 003 - CONTROL NUMBER IDENTIFIER | |
| control field | BD-DhSAU |
| 005 - DATE AND TIME OF LATEST TRANSACTION | |
| control field | 20150611144600.0 |
| 008 - FIXED-LENGTH DATA ELEMENTS--GENERAL INFORMATION | |
| fixed length control field | 150611b1973 bg a||||r|||| 000 0 ben d |
| 040 ## - CATALOGING SOURCE | |
| Original cataloging agency | BD-DhSAU |
| 082 ## - DEWEY DECIMAL CLASSIFICATION NUMBER | |
| Edition number | 22 |
| Classification number | ৪৯১.৪৪০৩ |
| Item number | শহীবা |
| 245 ## - TITLE STATEMENT | |
| Title | বাংলাদেশের আঞ্চলিক ভাষার অভিধান ১ম খন্ড / |
| Statement of responsibility, etc. | প্রধান সম্পাদকঃ ডক্টর মুহম্মদ শহীদুল্লাহ |
| 260 ## - PUBLICATION, DISTRIBUTION, ETC. (IMPRINT) | |
| Place of publication, distribution, etc. | ঢাকা : |
| Name of publisher, distributor, etc. | বাংলা একাডেমী, |
| Date of publication, distribution, etc. | ১৯৭৩. |
| 300 ## - PHYSICAL DESCRIPTION | |
| Extent | xxvii, ৪৬৮ পৃ. : |
| Dimensions | ২৯ সেমি |
| 440 ## - SERIES STATEMENT/ADDED ENTRY--TITLE | |
| Title | স্বরবর্ণ ও ব্যঞ্জন বর্ণ |
| Number of part/section of a work | ১ম খন্ড |
| 590 ## - Name of Cataloguer | |
| Name of Cataloger | joy |
| 650 ## - SUBJECT ADDED ENTRY--TOPICAL TERM | |
| Topical term or geographic name as entry element | বাংলা আঞ্চলিক ভাষা |
| Form subdivision | অভিধান |
| 700 ## - ADDED ENTRY--PERSONAL NAME | |
| Personal name | শহীদুল্লাহ, মুহম্মদ |
| 942 ## - ADDED ENTRY ELEMENTS (KOHA) | |
| Source of classification or shelving scheme | Dewey Decimal Classification |
| Koha item type | Book |
| Withdrawn status | Lost status | Source of classification or shelving scheme | Damaged status | Not for loan | Collection code | Home library | Branch Name | Shelving location | Date acquired | Total Checkouts | Full call number | Barcode | Date last seen | Price effective from | Koha item type |
|---|---|---|---|---|---|---|---|---|---|---|---|---|---|---|---|
| Dewey Decimal Classification | Not For Loan | Reference | SAU Library | SAU Library | Reference | 11/06/2015 | ৪৯১.৪৪০৩ শহীবা | 19164 | 11/06/2015 | 11/06/2015 | Book |
